000 00692nam a22001937a 4500
003 BUBTL
008 220524b ||||| |||| 00| 0 eng d
020 _a9789842005251
082 _a891.443/ Al118d/ 2017
100 _94571
_aআলমগীর, ফিদু
245 _aডাইপোল ম্যান পালাবার পথ নেই /
_cফিদু আলমগীর
250 _a 1st Edn.
260 _aঢাকা :
_bঅ্যাডর্ন পাবলিকেশন,
_cc2017
300 _a80 p.:
_c22 cm.
650 0 _91687
_aবাংলা সাহিত্য
856 _k0
_l0
_yDownload
942 _2ddc
_cBK
999 _c6707
_d6707